000 00759nam a2200253Ia 4500
003 OSt
005 20220926004247.0
006 a|||||r|||| 00| 0
007 ta
008 220923b |||||||| |||| 00| 0 eng d
020 _a8170270979
037 _cGeneral Book
040 _aRTL
_cRTL
_beng
041 _2eng
_aeng
082 _aX9(J).273D.N8, M6
100 _aSrivastava G C
_9142999
245 0 _aUrbanization, capital formation and labour product
260 _a New Delhi
_bRadiant Publishers India
_c1986
300 _axii, 205p.
_ccm.
500 _aBibliography P 198-205; Appendix P 165-197
650 _aAgricultural Industry
942 _hX9(J).273D.N8, M6
_cGB
_2CC
999 _c610424
_d610424